Komplexné vyhodnocovanie a optimalizácia finančnej štruktúry podniku

Finančná analýza - nástroj na zisťovanie kvality finančného hospodárenia klienta (podnik, závod...). Opiera sa o sústavu finančných ukazovateľov. Aplikácia PROMETHEE - metodológie viackriteriálneho rozhodovania na sústave finančných ukazovateľov. Optimalizácia finančnej štruktúry.

Gespeichert in:
Bibliographische Detailangaben
1. Verfasser: Mlynarovič, Vladimír
Format: Buchkapitel
Sprache:Slowakisch
Schlagworte:
Tags: Tag hinzufügen
Keine Tags, Fügen Sie das erste Tag hinzu!

MARC

LEADER 00000naa a2200000 4500
001 r019818
005 20221205101603.4
041 0 |a slo 
044 |a SK 
245 1 0 |a Komplexné vyhodnocovanie a optimalizácia finančnej štruktúry podniku  |c Vladimír Mlynarovič 
520 |a Finančná analýza - nástroj na zisťovanie kvality finančného hospodárenia klienta (podnik, závod...). Opiera sa o sústavu finančných ukazovateľov. Aplikácia PROMETHEE - metodológie viackriteriálneho rozhodovania na sústave finančných ukazovateľov. Optimalizácia finančnej štruktúry. 
610 2 0 |a analýza finančná 
610 2 0 |a podnik 
610 2 0 |a ukazovatele finančné 
610 2 0 |a rozhodovanie viackriteriálne 
610 2 0 |a štruktúra podniku finančná 
610 2 0 |a PROMETHEE 
100 1 |a Mlynarovič, Vladimír